000 00429nam a22001817a 4500
003 MPLRDC
005 20220104142543.0
008 210129b ||||| |||| 00| 0 eng d
082 _a910.33 ZJH
100 _a张锦鸿
245 _a怎样教音乐
_c
250 _a二版
260 _a
_b正中书局
_c1956
300 _b
490 _a中等教育辅导丛书
650 _a音乐教学法
942 _cBK
_o910.33 ZJH
999 _c31831
_d31821